[Event "Sharjah WGP 2014"]
[Site "Sharjah UAE"]
[Date "2014.08.25"]
[Round "1.1"]
[White "Zhu, Chen"]
[Black "Zhao, Xue"]
[Result "0-1"]
[WhiteTitle "GM"]
[BlackTitle "GM"]
[WhiteElo "2461"]
[BlackElo "2508"]
[WhiteFideId "8600546"]
[BlackFideId "8601283"]
[EventDate "2014.08.25"]

1. d4 Nf6 2. c4 e6 3. Nf3 b6 4. g3 Ba6 5. Qc2 Bb4+ 6. Bd2 Bxd2+ 7. Nbxd2 d5 8.
cxd5 exd5 9. e3 O-O 10. Bxa6 Nxa6 11. Qa4 Qc8 12. O-O c5 13. Rfc1 Qb7 14. Qd1
Rac8 15. b3 Nb4 16. Qe2 cxd4 17. Nxd4 Rxc1+ 18. Rxc1 Nxa2 19. Ra1 Nc3 20. Qa6
Qxa6 21. Rxa6 Ra8 22. Nc6 Nb5 23. Nf3 Ne8 24. Ne7+ Kf8 25. Nxd5 Rd8 26. Nb4 Rc8
27. Nd5 Rc1+ 28. Kg2 Rb1 29. Nd4 Ned6 30. Nxb5 Nxb5 31. b4 Rd1 32. e4 Rd4 33. f3
f5 34. Nf4 Rd2+ 35. Kh3 fxe4 36. fxe4 Kf7 37. Nd5 Ke6 38. Ra1 Ke5 39. Ne7 Rd7
40. Nc6+ Kxe4 41. Nb8 Rc7 42. Rf1 Kd5 43. Na6 Re7 44. Rc1 Kd6 45. Rc4 Re8 46.
Rg4 g6 47. Rh4 Re7 48. Rc4 Re3 49. Kg4 Ra3 50. Nb8 Rc3 51. Rf4 Kc7 52. Rf8 Nd4
53. Rh8 a5 54. bxa5 bxa5 55. Kf4 Nc2 56. Nd7 Kxd7 57. Rxh7+ Kc6 58. Kg5 Kb5 59.
Rb7+ Ka6 60. Rb2 Rc6 61. g4 Nd4 62. Kh6 Nf3 63. Rf2 g5+ 64. Kh5 Rf6 65. Ra2 Rf4
66. h3 a4 67. h4 gxh4 68. g5 h3 0-1

[Event "Sharjah WGP 2014"]
[Site "Sharjah UAE"]
[Date "2014.08.25"]
[Round "1.4"]
[White "Batchimeg, Tuvshintugs"]
[Black "Koneru, Humpy"]
[Result "1-0"]
[WhiteTitle "WGM"]
[BlackTitle "GM"]
[WhiteElo "2346"]
[BlackElo "2598"]
[WhiteFideId "4900839"]
[BlackFideId "5008123"]
[EventDate "2014.08.25"]

1. d4 Nf6 2. Nf3 e6 3. e3 b6 4. Bd3 Bb7 5. O-O d5 6. b3 Bd6 7. Bb2 O-O 8. Ne5 c5
9. Nd2 Nc6 10. f4 Rc8 11. a3 Ne7 12. Qe2 Ne4 13. Bxe4 dxe4 14. Ndc4 Ba6 15. Rfd1
cxd4 16. Rxd4 Nf5 17. Rxe4 Bb7 18. Nxd6 Qxd6 19. Rd1 Qxd1+ 20. Qxd1 Bxe4 21. c4
f6 22. Ng4 Rcd8 23. Qe2 Rd3 24. Nf2 Rxe3 25. Qd2 h5 26. Nxe4 Rxe4 27. Kf2 Kh7
28. g3 Re3 29. Qd1 Kg6 30. Bc1 Re4 31. Bb2 e5 32. Qc2 Nd6 33. Qd3 Rd8 34. fxe5
fxe5 35. Bxe5 Kf7 36. Qd5+ 1-0

[Event "Sharjah WGP 2014"]
[Site "Sharjah UAE"]
[Date "2014.08.25"]
[Round "1.5"]
[White "L'Ami, Alina"]
[Black "Harika, Dronavalli"]
[Result "0-1"]
[WhiteTitle "WGM"]
[BlackTitle "GM"]
[WhiteElo "2446"]
[BlackElo "2521"]
[WhiteFideId "1210246"]
[BlackFideId "5015197"]
[EventDate "2014.08.25"]

1. d4 d5 2. c4 c6 3. Nf3 Nf6 4. Nc3 e6 5. Bg5 Nbd7 6. e3 Qa5 7. cxd5 Nxd5 8. Qd2
Bb4 9. Rc1 h6 10. Bh4 b6 11. a3 Bxc3 12. bxc3 c5 13. c4 Qxd2+ 14. Nxd2 Ne7 15.
Bd3 Bb7 16. f3 f5 17. O-O Kf7 18. Nb3 Bc6 19. Bg3 Rac8 20. Rc3 Ba4 21. Rfc1 Rhd8
22. Nd2 cxd4 23. exd4 Nf6 24. Bf2 Nc6 25. d5 Ne5 26. Bb1 exd5 27. f4 Nxc4 28.
Bxf5 Bd7 29. Bxd7 Rxd7 30. Nf3 Re8 31. Rxc4 dxc4 32. Ne5+ Rxe5 33. fxe5 Ng4 34.
Bg3 Ke6 35. h3 Ne3 36. Kf2 Rd3 37. Bf4 Nd5 38. Rxc4 Nxf4 39. Rxf4 Rxa3 40. Rg4
g5 41. h4 b5 42. hxg5 hxg5 43. Rxg5 b4 44. Ke2 a5 45. Kd2 Ra2+ 46. Kc1 b3 47.
Rg8 Kxe5 48. g4 Kd4 49. g5 Rg2 50. g6 Kc3 51. Rc8+ Kb4 52. Rc6 a4 53. Rb6+ Ka3
54. Rb7 b2+ 55. Kb1 Rg1+ 56. Kc2 Rc1+ 0-1

[Event "Sharjah WGP 2014"]
[Site "Sharjah UAE"]
[Date "2014.08.26"]
[Round "2.1"]
[White "Zhao, Xue"]
[Black "Hou, Yifan"]
[Result "1/2-1/2"]
[WhiteTitle "GM"]
[BlackTitle "GM"]
[WhiteElo "2508"]
[BlackElo "2661"]
[WhiteFideId "8601283"]
[BlackFideId "8602980"]
[EventDate "2014.08.25"]

1. d4 Nf6 2. c4 e6 3. Nc3 Bb4 4. Qc2 d5 5. a3 Bxc3+ 6. Qxc3 Ne4 7. Qc2 c5 8.
dxc5 Nc6 9. e3 Qa5+ 10. Bd2 Nxd2 11. Qxd2 dxc4 12. Qxa5 Nxa5 13. Rc1 b5 14. cxb6
Bb7 15. bxa7 Rxa7 16. Ne2 Ke7 17. Nc3 Rb8 18. f3 Bc6 19. Nd1 Ba4 20. Nc3 Bc6 21.
Nd1 Ba4 22. Nc3 Bc6 1/2-1/2

[Event "Sharjah WGP 2014"]
[Site "Sharjah UAE"]
[Date "2014.08.26"]
[Round "2.2"]
[White "Harika, Dronavalli"]
[Black "Muminova, Nafisa"]
[Result "1-0"]
[WhiteTitle "GM"]
[BlackTitle "WGM"]
[WhiteElo "2521"]
[BlackElo "2315"]
[WhiteFideId "5015197"]
[BlackFideId "14201526"]
[EventDate "2014.08.25"]

1. c4 c6 2. Nf3 d5 3. e3 Nf6 4. Nc3 e6 5. b3 Bd6 6. Bb2 Nbd7 7. Qc2 O-O 8. Be2
Re8 9. h3 dxc4 10. Bxc4 b5 11. Be2 Bb7 12. Ng5 Bf8 13. O-O a6 14. a4 b4 15. Bd3
g6 16. Nce4 Nxe4 17. Nxe4 f5 18. Ng3 c5 19. Be2 Qh4 20. Kh2 Rac8 21. Rad1 Nf6
22. f4 Bg7 23. Bf3 Bd5 24. d3 Bxf3 25. Rxf3 Nd5 26. Bxg7 Kxg7 27. Ne2 Qf6 28. e4
Nb6 29. a5 Nd7 30. Qc4 Nb8 31. Rff1 Red8 32. Rc1 Qe7 33. Qc2 Qc7 34. d4 Qxa5 35.
dxc5 Qb5 36. Qb2+ Kf7 37. Nd4 Qd3 38. Nf3 Kg8 39. Ng5 Qd4 40. Qe2 Qd3 41. Qb2
Qd4 42. Qe2 Qd3 43. Qf2 Qd7 44. Rfd1 Qe7 45. exf5 gxf5 46. Rxd8+ Rxd8 47. Re1
Nd7 48. Rxe6 Qxc5 49. Qd2 Qc7 50. Rd6 1-0

[Event "Sharjah WGP 2014"]
[Site "Sharjah UAE"]
[Date "2014.08.26"]
[Round "2.3"]
[White "Koneru, Humpy"]
[Black "L'Ami, Alina"]
[Result "1-0"]
[WhiteTitle "GM"]
[BlackTitle "WGM"]
[WhiteElo "2598"]
[BlackElo "2446"]
[WhiteFideId "5008123"]
[BlackFideId "1210246"]
[EventDate "2014.08.25"]

1. d4 Nf6 2. c4 g6 3. Nc3 Bg7 4. e4 d6 5. h3 O-O 6. Be3 c5 7. Nf3 cxd4 8. Nxd4
b6 9. Bd3 Bb7 10. Rc1 Nbd7 11. O-O a6 12. Bb1 e6 13. Qd2 Rc8 14. b3 Nc5 15. f3
Re8 16. Rfd1 Qe7 17. Bg5 Qf8 18. Nc2 Red8 19. Ne3 h6 20. Bh4 Bc6 21. Bc2 g5 22.
Bf2 Nh5 23. h4 Nf4 24. Ne2 b5 25. hxg5 hxg5 26. Ng4 bxc4 27. Nxf4 gxf4 28. Qxf4
cxb3 29. axb3 Qe7 30. e5 dxe5 31. Rxd8+ Qxd8 32. Nh6+ Bxh6 33. Qxh6 Nd3 34. Rd1
e4 35. fxe4 Bxe4 36. Bxd3 Bxd3 37. Qd2 e5 38. Qxd3 Qxd3 39. Rxd3 e4 40. Rg3+ Kf8
41. b4 Rc1+ 42. Kh2 Ke7 43. Bc5+ Ke6 44. Ra3 f5 45. Rxa6+ Ke5 46. Be3 Rb1 47.
Ra5+ Ke6 48. Rb5 1-0

[Event "Sharjah WGP 2014"]
[Site "Sharjah UAE"]
[Date "2014.08.26"]
[Round "2.6"]
[White "Zhu, Chen"]
[Black "Ju, Wenjun"]
[Result "0-1"]
[WhiteTitle "GM"]
[BlackTitle "WGM"]
[WhiteElo "2461"]
[BlackElo "2559"]
[WhiteFideId "8600546"]
[BlackFideId "8603006"]
[EventDate "2014.08.25"]

1. d4 d6 2. e4 Nf6 3. Bd3 g6 4. Nf3 Bg7 5. O-O O-O 6. c3 Nc6 7. Be3 e5 8. Nbd2
Ng4 9. Bg5 f6 10. Bh4 h5 11. Bc4+ Kh8 12. h3 Nh6 13. dxe5 dxe5 14. b4 g5 15. Bg3
Ne7 16. Re1 Ng6 17. Nf1 Bd7 18. Ne3 Qe8 19. a4 Nf4 20. h4 Rd8 21. Qc2 Qg6 22.
Rad1 g4 23. Nd2 f5 24. Bxf4 exf4 25. Nd5 g3 26. f3 fxe4 27. Nxe4 Be5 28. Rd2 Qg7
29. Rde2 c6 30. Ne7 Bf5 31. Nxf5 Nxf5 32. Be6 Ne3 33. Qb3 Bf6 34. Bh3 Rfe8 35.
Rxe3 fxe3 36. Rxe3 Qf7 37. Qb1 Qa2 38. Re1 Qxb1 39. Rxb1 Bxh4 40. Kf1 b6 41. b5
c5 42. a5 Rd5 43. axb6 axb6 44. Ra1 c4 45. Ra4 Rxb5 46. Rxc4 Rb2 47. Ra4 Bf6 48.
Ra7 Bxc3 49. Bf5 Rf2+ 50. Kg1 Bd4 51. Rd7 Rb2+ 52. Kf1 Ra8 0-1

[Event "Sharjah WGP 2014"]
[Site "Sharjah UAE"]
[Date "2014.08.27"]
[Round "3.1"]
[White "Ju, Wenjun"]
[Black "Zhao, Xue"]
[Result "1-0"]
[WhiteTitle "WGM"]
[BlackTitle "GM"]
[WhiteElo "2559"]
[BlackElo "2508"]
[WhiteFideId "8603006"]
[BlackFideId "8601283"]
[EventDate "2014.08.25"]

1. d4 Nf6 2. c4 e6 3. g3 d5 4. Nf3 Be7 5. Bg2 O-O 6. O-O dxc4 7. Ne5 Nc6 8. Bxc6
bxc6 9. Nxc6 Qe8 10. Nxe7+ Qxe7 11. Na3 c5 12. dxc5 Qxc5 13. Be3 Qb4 14. Qd4 Ba6
15. Rfd1 Nd5 16. Bd2 Qb6 17. Qxb6 axb6 18. e4 Nf6 19. f3 Rfd8 20. Bc3 Rd3 21.
Kf2 Rad8 22. Ke2 Nd7 23. Nc2 Nb8 24. Nb4 Rxd1 25. Rxd1 Rxd1 26. Kxd1 Bb7 27. Ke2
Nc6 28. Nxc6 Bxc6 29. Ke3 f5 30. Kd4 fxe4 31. fxe4 b5 32. e5 Be8 33. Kc5 Kf8 34.
Kd6 Bg6 35. Kxe6 Ke8 36. Kd6 Bb1 37. a3 Bc2 38. Bd2 h5 39. Bg5 g6 40. Kc5 Ba4
41. e6 Kf8 42. Bf6 Ke8 43. Kc6 b4+ 44. Kd6 bxa3 45. bxa3 Bb3 46. Bc3 Ba4 47. Bd2
Bb3 48. Ke5 Bc2 49. Kf6 Kf8 50. Bc3 1-0

[Event "Sharjah WGP 2014"]
[Site "Sharjah UAE"]
[Date "2014.08.27"]
[Round "3.2"]
[White "Danielian, Elina"]
[Black "Zhu, Chen"]
[Result "1-0"]
[WhiteTitle "GM"]
[BlackTitle "GM"]
[WhiteElo "2490"]
[BlackElo "2461"]
[WhiteFideId "13300210"]
[BlackFideId "8600546"]
[EventDate "2014.08.25"]

1. d4 Nf6 2. Nf3 e6 3. e3 b6 4. Bd3 Bb7 5. O-O d5 6. b3 Nbd7 7. Bb2 Be7 8. c4
O-O 9. Nbd2 Ne4 10. Rc1 Rc8 11. Qe2 a5 12. Rfd1 f5 13. cxd5 exd5 14. Ba6 Bxa6
15. Qxa6 c6 16. Qe2 Bb4 17. Nf1 f4 18. Rc2 Nb8 19. exf4 Rxf4 20. Ng3 Nxg3 21.
hxg3 Re4 22. Qd3 Qf6 23. Ne5 a4 24. a3 axb3 25. Qxb3 Ba5 26. Rxc6 Nxc6 27. Qxd5+
Kh8 28. Qxe4 Nxe5 29. dxe5 Qe6 30. Qd5 Qxd5 31. Rxd5 Kg8 32. e6 Kf8 33. Rd7 1-0

[Event "Sharjah WGP 2014"]
[Site "Sharjah UAE"]
[Date "2014.08.27"]
[Round "3.5"]
[White "Muminova, Nafisa"]
[Black "Koneru, Humpy"]
[Result "1/2-1/2"]
[WhiteTitle "WGM"]
[BlackTitle "GM"]
[WhiteElo "2315"]
[BlackElo "2598"]
[WhiteFideId "14201526"]
[BlackFideId "5008123"]
[EventDate "2014.08.25"]

1. e4 c5 2. Nf3 e6 3. c3 d5 4. exd5 Qxd5 5. d4 Nf6 6. Na3 Be7 7. Nb5 Na6 8. Be3
O-O 9. Be2 Qd8 10. O-O Nd5 11. Qc2 Nac7 12. Nxc7 Qxc7 13. Bd3 h6 14. Bd2 b6 15.
Rae1 Bd6 16. dxc5 bxc5 17. c4 Nb4 18. Bxb4 cxb4 19. Qe2 Bb7 20. Be4 Bxe4 21.
Qxe4 Rae8 22. b3 f5 23. Qd4 e5 24. Qd5+ Kh7 25. g3 e4 26. Nd4 Re5 27. Qc6 Qe7
28. Rd1 Bc5 29. Ne2 Rf6 30. Qd7 Ra6 31. Qc8 Qe6 32. Qa8 Rd6 33. Nf4 Qd7 34. Rxd6
Qxd6 35. Nd5 Qa6 36. Qb8 Bd6 37. Nxb4 Qb6 38. Qxb6 axb6 39. Nd5 b5 40. Rd1 bxc4
41. Ne3 Be7 42. Nxc4 Rb5 43. Rd7 Bf6 44. Kf1 h5 45. Rd6 h4 46. Rb6 Rd5 47. Ke2
Rd3 48. a4 Rc3 49. Ne3 Bd4 50. Rb4 Bxe3 51. fxe3 h3 52. Kd2 Rd3+ 53. Ke2 Rc3 54.
Kd2 Rd3+ 55. Ke2 Rc3 56. Kd2 Rd3+ 57. Ke2 1/2-1/2

[Event "Sharjah WGP 2014"]
[Site "Sharjah UAE"]
[Date "2014.08.27"]
[Round "3.6"]
[White "Hou, Yifan"]
[Black "Harika, Dronavalli"]
[Result "1/2-1/2"]
[WhiteTitle "GM"]
[BlackTitle "GM"]
[WhiteElo "2661"]
[BlackElo "2521"]
[WhiteFideId "8602980"]
[BlackFideId "5015197"]
[EventDate "2014.08.25"]

1. e4 e6 2. d4 d5 3. Nd2 Nf6 4. e5 Nfd7 5. f4 c5 6. c3 Nc6 7. Ndf3 cxd4 8. cxd4
a5 9. a3 a4 10. Bd3 Nb6 11. Ne2 Be7 12. h4 Bd7 13. h5 Nc4 14. Nc3 b5 15. f5 exf5
16. h6 g6 17. Nxd5 Be6 18. Nxe7 Nxe7 19. Bxc4 bxc4 20. Bg5 Qa5+ 21. Qd2 Qxd2+
22. Nxd2 Nc6 23. Rc1 Na5 24. Rc2 Bd5 25. Kf2 Kd7 26. Rh4 Rhc8 27. g4 Nb3 28. Nf1
Be4 29. Rc3 Rab8 30. gxf5 gxf5 31. Be3 Na5 32. Bc1 Nb3 33. Be3 Na5 34. Bc1 Nb3
35. Be3 1/2-1/2

[Event "Sharjah WGP 2014"]
[Site "Sharjah UAE"]
[Date "2014.08.28"]
[Round "4.1"]
[White "Zhao, Xue"]
[Black "Harika, Dronavalli"]
[Result "1/2-1/2"]
[WhiteTitle "GM"]
[BlackTitle "GM"]
[WhiteElo "2508"]
[BlackElo "2521"]
[WhiteFideId "8601283"]
[BlackFideId "5015197"]
[EventDate "2014.08.25"]

1. d4 d5 2. c4 e6 3. Nc3 c6 4. Nf3 Nf6 5. e3 Nbd7 6. Qc2 b6 7. Bd3 Bb7 8. O-O
Be7 9. Rd1 O-O 10. e4 dxe4 11. Nxe4 Nxe4 12. Bxe4 Nf6 13. Bd3 Qc7 14. c5 h6 15.
Bd2 a5 16. Qc1 bxc5 17. Bf4 Qb6 18. Bxh6 Nd5 19. Bg5 f6 20. Be3 cxd4 21. Nxd4 c5
22. Ne2 Ba6 23. Bxa6 Qxa6 24. Nf4 Nxf4 25. Bxf4 Rfd8 26. Qc2 Kf7 27. Be3 c4 28.
Rdc1 Rab8 29. Qe2 Rd3 30. Rc2 Qb5 31. Rac1 Qd5 32. h3 Rc8 33. Qg4 Bd6 34. Kf1
Be5 35. Rxc4 Rxc4 36. Qxc4 Qxc4 37. Rxc4 Bxb2 38. Ke2 Ra3 39. Rc2 Be5 40. Bc5
Ra4 41. Kd3 f5 42. a3 Rh4 43. Rc4 Rh8 44. f4 Bf6 45. Ra4 Ra8 46. Ke3 Bd8 47. Bd4
Rb8 48. Bc3 Rb3 49. Kd2 Be7 50. Rxa5 Rxa3 51. Rxa3 Bxa3 52. Ke3 Bc1+ 53. Kf3 Ba3
54. Be5 g6 55. Bc3 Bc5 56. Be5 Ba3 57. Bc3 Bc5 58. Be5 1/2-1/2

[Event "Sharjah WGP 2014"]
[Site "Sharjah UAE"]
[Date "2014.08.28"]
[Round "4.2"]
[White "Koneru, Humpy"]
[Black "Hou, Yifan"]
[Result "0-1"]
[WhiteTitle "GM"]
[BlackTitle "GM"]
[WhiteElo "2598"]
[BlackElo "2661"]
[WhiteFideId "5008123"]
[BlackFideId "8602980"]
[EventDate "2014.08.25"]

1. d4 e6 2. c4 Nf6 3. Nc3 Bb4 4. Nf3 d5 5. Qb3 c5 6. dxc5 Na6 7. Bd2 O-O 8. cxd5
Nxd5 9. Nxd5 Bxd2+ 10. Nxd2 Nxc5 11. Qc4 Qxd5 12. Qxd5 exd5 13. Rc1 b6 14. e3
Bf5 15. b4 Nd3+ 16. Bxd3 Bxd3 17. Nb3 Bc4 18. Kd2 a5 19. bxa5 bxa5 20. Rc2 Rfb8
21. Rhc1 h5 22. Nc5 Rb5 23. Nd3 Re8 24. h4 g6 25. Nf4 Kg7 26. f3 Rb4 27. e4 Ra4
28. Nxd5 Bxd5 29. exd5 Rd4+ 30. Kc3 Rxd5 31. Kc4 Red8 32. g3 Rd4+ 33. Kb3 Rb8+
34. Ka3 Re8 35. Kb2 Rd3 36. Rc3 Re2+ 37. Kb3 a4+ 38. Ka3 Rxc3+ 39. Rxc3 Rg2 40.
Rd3 Rxg3 41. Kxa4 Rh3 42. Kb3 Rxh4 43. a4 Rf4 44. a5 h4 45. a6 Rf6 46. a7 Ra6
47. Rd4 Rxa7 48. Rxh4 Rc7 49. Rf4 Rc1 50. Kb2 Rc5 51. Ra4 Kf6 52. Ra7 g5 53. Rb7
Kg6 54. Ra7 f6 55. Ra6 Kf5 56. Ra4 Re5 0-1

[Event "Sharjah WGP 2014"]
[Site "Sharjah UAE"]
[Date "2014.08.28"]
[Round "4.5"]
[White "Zhu, Chen"]
[Black "Batchimeg, Tuvshintugs"]
[Result "0-1"]
[WhiteTitle "GM"]
[BlackTitle "WGM"]
[WhiteElo "2461"]
[BlackElo "2346"]
[WhiteFideId "8600546"]
[BlackFideId "4900839"]
[EventDate "2014.08.25"]

1. d4 Nf6 2. c4 g6 3. g3 Bg7 4. Bg2 d5 5. cxd5 Nxd5 6. e4 Nb4 7. a3 N4c6 8. d5
Nd4 9. Ne2 Bg4 10. Nbc3 c6 11. h3 Bf3 12. Bxf3 Nxf3+ 13. Kf1 cxd5 14. exd5 O-O
15. Kg2 Ne5 16. b3 Na6 17. Be3 Nd7 18. b4 Nb6 19. Qb3 Qc8 20. Rac1 Qc4 21. Qxc4
Nxc4 22. Nb5 Rfc8 23. Bd4 Nd6 24. Nxd6 exd6 25. Bxg7 Kxg7 26. Nc3 Nc7 27. Rhe1
Kf8 28. Ne4 Ne8 29. g4 h6 30. h4 Rxc1 31. Rxc1 Ke7 32. Kf3 Rd8 33. Ke3 Rd7 34.
Rc8 Rd8 35. Rc4 Rd7 36. Rc8 Rd8 37. Rc4 Rd7 38. b5 Rc7 39. Ra4 Nf6 40. Nxf6 Kxf6
41. Rxa7 Ke5 42. b6 Re7 43. Ra5 g5 44. hxg5 hxg5 45. a4 Re8 46. Rb5 Rc8 47. a5
Rc3+ 48. Kd2 Ra3 49. Kc2 Ra1 50. Rb3 Rxa5 51. Rf3 Rc5+ 52. Kb3 Kxd5 53. Rxf7 Kc6
54. Rf6 Rb5+ 55. Kc4 Rxb6 56. Rf5 Rb2 57. f3 Rc2+ 58. Kd3 Rc5 59. Rf8 b5 60. f4
gxf4 61. Rxf4 Re5 62. Rf1 Rg5 63. Rg1 Kd5 64. Ke3 b4 65. Kd3 Kc5 66. Rc1+ Kb5
67. Rg1 Ka4 68. Kc4 Rc5+ 69. Kd4 b3 70. g5 b2 71. g6 Rc1 72. Rg4 b1=Q 73. Kd5+
Kb5 74. Kxd6 Rc6+ 0-1

[Event "Sharjah WGP 2014"]
[Site "Sharjah UAE"]
[Date "2014.08.28"]
[Round "4.6"]
[White "Ju, Wenjun"]
[Black "Danielian, Elina"]
[Result "1-0"]
[WhiteTitle "WGM"]
[BlackTitle "GM"]
[WhiteElo "2559"]
[BlackElo "2490"]
[WhiteFideId "8603006"]
[BlackFideId "13300210"]
[EventDate "2014.08.25"]

1. c4 Nf6 2. Nf3 e6 3. g3 d5 4. d4 Be7 5. Bg2 O-O 6. O-O Nbd7 7. Qc2 c6 8. Nbd2
b6 9. e4 Ba6 10. b3 Rc8 11. Bb2 c5 12. exd5 exd5 13. Rfe1 Re8 14. Qf5 g6 15. Qh3
b5 16. Ng5 Nf8 17. dxc5 bxc4 18. bxc4 d4 19. c6 h5 20. Ngf3 Rxc6 21. Nxd4 Rb6
22. Bc3 Ng4 23. Bd5 Nh7 24. Qg2 Bf6 25. h3 Ne5 26. Re3 Bc8 27. f4 Ng4 28. Rxe8+
Qxe8 29. Qe4 Qxe4 30. Bxe4 Ne3 31. c5 Ra6 32. Kf2 Nf5 33. Ne2 Be7 34. c6 Nf6 35.
Bf3 Bc5+ 36. Kg2 Nd5 37. Nb3 Rxc6 38. Bd2 Nde3+ 39. Kh2 Rd6 40. Bc3 Bb6 41. Rc1
Rd1 42. Rxd1 Nxd1 43. Bf6 Nde3 44. Kh1 Ba6 45. Nbd4 Bc4 46. a4 Nxd4 47. Nxd4 Nd5
48. Bxd5 Bxd5+ 49. Kh2 Kf8 50. g4 h4 51. f5 g5 52. a5 Bc5 53. a6 Ke8 54. Nb5 Bc4
55. Nxa7 Bxa7 56. Bxg5 Bb8+ 57. Kg1 Bxa6 58. Bxh4 Be5 59. Bf2 Ke7 60. Be3 Bd3
61. Bc5+ Kd7 62. Kf2 Bf6 63. Kg3 Kc6 64. Be3 Kd5 65. Bf4 Bc3 66. Kf3 Be1 67. Bg5
Be4+ 68. Ke3 Bc3 69. h4 Bb2 70. Ke2 Bg2 71. Kf2 Bh1 72. h5 Bd4+ 73. Kg3 Be5+ 74.
Bf4 Bh8 75. h6 Ke4 76. Bd6 Bf3 77. h7 Bd1 78. Kh4 Kd5 79. Be7 f6 80. g5 fxg5+
81. Kxg5 Ke5 82. Ba3 Bf6+ 83. Kg6 Bc2 84. Bb2+ Kf4 85. Kxf6 1-0

[Event "Sharjah WGP 2014"]
[Site "Sharjah UAE"]
[Date "2014.08.30"]
[Round "5.1"]
[White "Batchimeg, Tuvshintugs"]
[Black "Ju, Wenjun"]
[Result "1/2-1/2"]
[WhiteTitle "WGM"]
[BlackTitle "WGM"]
[WhiteElo "2346"]
[BlackElo "2559"]
[WhiteFideId "4900839"]
[BlackFideId "8603006"]
[EventDate "2014.08.25"]

1. d4 Nf6 2. c4 g6 3. Nc3 Bg7 4. e4 d6 5. Nf3 O-O 6. h3 e5 7. d5 Nh5 8. g3 Na6
9. Nd2 c6 10. Be2 Nf6 11. Nb3 cxd5 12. cxd5 Ne8 13. h4 f5 14. Bg5 Bf6 15. Bh6
Bg7 16. Bg5 Bf6 17. Bh6 Bg7 18. Bg5 Bf6 1/2-1/2

[Event "Sharjah WGP 2014"]
[Site "Sharjah UAE"]
[Date "2014.08.30"]
[Round "5.2"]
[White "Danielian, Elina"]
[Black "Zhao, Xue"]
[Result "1-0"]
[WhiteTitle "GM"]
[BlackTitle "GM"]
[WhiteElo "2490"]
[BlackElo "2508"]
[WhiteFideId "13300210"]
[BlackFideId "8601283"]
[EventDate "2014.08.25"]

1. d4 Nf6 2. Nf3 b6 3. e3 Bb7 4. Bd3 c5 5. O-O g6 6. c4 cxd4 7. exd4 Bg7 8. Nc3
d5 9. cxd5 O-O 10. Re1 Nxd5 11. Bg5 Nf6 12. Qe2 Nc6 13. Rad1 e6 14. Bc4 Na5 15.
Bb5 a6 16. Bd3 Nc6 17. Be4 h6 18. d5 exd5 19. Bxd5 Qb8 20. Bxf6 Bxf6 21. Qe4 Nd8
22. Qxg6+ Bg7 23. Qxb6 Bxc3 24. bxc3 Bxd5 25. Qxh6 Bxf3 26. Qg5+ 1-0

[Event "Sharjah WGP 2014"]
[Site "Sharjah UAE"]
[Date "2014.08.30"]
[Round "5.3"]
[White "L'Ami, Alina"]
[Black "Zhu, Chen"]
[Result "1/2-1/2"]
[WhiteTitle "WGM"]
[BlackTitle "GM"]
[WhiteElo "2446"]
[BlackElo "2461"]
[WhiteFideId "1210246"]
[BlackFideId "8600546"]
[EventDate "2014.08.25"]

1. d4 Nf6 2. c4 e6 3. Nf3 b6 4. g3 Ba6 5. b3 Bb7 6. Bg2 Bb4+ 7. Bd2 a5 8. O-O
O-O 9. Nc3 d6 10. a3 Bxc3 11. Bxc3 Nbd7 12. b4 axb4 13. axb4 Qe7 14. Qc2 h6 15.
Rxa8 Rxa8 16. Ra1 Qd8 17. Rd1 Be4 18. Qb3 b5 19. cxb5 Qb8 20. Bf1 Bd5 21. Qc2
Ra2 22. Qd3 Be4 23. Qc4 Qa7 24. Rc1 Bd5 25. Qd3 Qa3 26. Rc2 Ne4 27. Rxa2 Qxa2
28. Nd2 Nxd2 29. Qxd2 Qb1 30. Qb2 Qd1 31. Qd2 Qb1 32. Qb2 Qd1 33. Qd2 1/2-1/2

[Event "Sharjah WGP 2014"]
[Site "Sharjah UAE"]
[Date "2014.08.30"]
[Round "5.6"]
[White "Harika, Dronavalli"]
[Black "Koneru, Humpy"]
[Result "1/2-1/2"]
[WhiteTitle "GM"]
[BlackTitle "GM"]
[WhiteElo "2521"]
[BlackElo "2598"]
[WhiteFideId "5015197"]
[BlackFideId "5008123"]
[EventDate "2014.08.25"]

1. Nf3 Nf6 2. c4 e6 3. g3 b6 4. Bg2 Bb7 5. O-O Be7 6. Nc3 O-O 7. b3 d5 8. e3
Nbd7 9. Bb2 Ne4 10. Rc1 Ndc5 11. d4 Nxc3 12. Rxc3 Ne4 13. Rc2 dxc4 14. bxc4 c5
15. Nd2 Nxd2 16. Qxd2 Bxg2 17. Kxg2 cxd4 18. Qxd4 Qxd4 19. exd4 Rac8 20. Rfc1
Rfd8 21. a4 Bf6 22. c5 h5 23. cxb6 Rxc2 24. Rxc2 axb6 25. Rc4 g5 26. h3 Kg7 27.
Kf3 Kg6 28. Ke4 Rd5 29. Bc1 b5 30. axb5 Rxb5 31. Be3 Rb1 32. Kf3 Rh1 33. Kg2 Rd1
34. Kf3 Rh1 35. Kg2 Rd1 36. Kf3 Rh1 1/2-1/2

[Event "Sharjah WGP 2014"]
[Site "Sharjah UAE"]
[Date "2014.08.31"]
[Round "6.2"]
[White "Zhao, Xue"]
[Black "Koneru, Humpy"]
[Result "1-0"]
[WhiteTitle "GM"]
[BlackTitle "GM"]
[WhiteElo "2508"]
[BlackElo "2598"]
[WhiteFideId "8601283"]
[BlackFideId "5008123"]
[EventDate "2014.08.25"]

1. d4 Nf6 2. c4 e6 3. Nf3 Bb4+ 4. Nbd2 b6 5. a3 Bxd2+ 6. Qxd2 O-O 7. e3 Bb7 8.
Be2 Ne4 9. Qc2 f5 10. O-O d6 11. b4 Rf6 12. d5 Rg6 13. Nd4 exd5 14. cxd5 Bxd5
15. f3 Ng5 16. Nxf5 Nd7 17. Bc4 Bxc4 18. Qxc4+ Nf7 19. f4 Qf6 20. Qe4 Rd8 21.
Ne7+ Kf8 22. Nxg6+ hxg6 23. Ra2 Nh6 24. Qc6 1-0

[Event "Sharjah WGP 2014"]
[Site "Sharjah UAE"]
[Date "2014.08.31"]
[Round "6.4"]
[White "Zhu, Chen"]
[Black "Muminova, Nafisa"]
[Result "1/2-1/2"]
[WhiteTitle "GM"]
[BlackTitle "WGM"]
[WhiteElo "2461"]
[BlackElo "2315"]
[WhiteFideId "8600546"]
[BlackFideId "14201526"]
[EventDate "2014.08.25"]

1. d4 d5 2. c4 c6 3. Nf3 Nf6 4. e3 Bg4 5. h3 Bh5 6. cxd5 Bxf3 7. Qxf3 cxd5 8.
Nc3 e6 9. Bd3 Bb4 10. Bd2 Nc6 11. O-O O-O 12. Rfd1 Rc8 13. Qe2 Qe7 14. Rac1 Rfd8
15. a3 Ba5 16. b4 Bc7 17. f4 Bd6 18. Rb1 Ra8 19. Na4 a5 20. bxa5 Nxa5 21. Nb6
Ra7 22. a4 Ba3 23. Bxa5 Rxa5 24. Qd2 Ra7 25. Qc2 Qf8 26. Rb3 g6 27. Rdb1 Bd6 28.
Rc3 Bb4 29. Rc7 Kg7 30. g4 Ba5 31. g5 Ne8 32. Rc5 Nd6 33. Qd1 Bxb6 34. Rxb6 Rda8
35. Rb4 Qe8 36. Bc2 Nc4 37. Kf2 b6 38. Rcb5 Qd7 39. Qd3 Qc7 40. Bd1 Ra6 41. Rb1
Nd6 42. R5b2 Nc4 43. Rb4 R8a7 44. Ke2 Nd6 45. R4b2 Nc4 46. Rb4 Nd6 47. R4b2 Nc4 1/2-1/2